Capital Cities with French names - Statistics

General Stats
  • This quiz has been taken 170 times
    148 since last reset
  • The average score is 6 of 9
Answer Stats
Hint Capital (French) % Correct
Eiffel Tower city Paris
100%
Haitian capital Port-au-Prince
92%
Gabonese "Freetown" Libreville
87%
On Congo River Brazzaville
73%
Saint Lucian capital Castries
65%
Dominican "Reed" Roseau
61%
Mauritian port Port Louis
60%
Caribbean "Low Land" Basseterre
54%
Belgian capital (French) Bruxelles
54%
No matching quizzes found
Score Distribution
Percent of People with Each Score
Percentile by Number Answered
Your Score History
You have not taken this quiz since the last reset